Países sem a letra A - Statistics

Estatísticas Gerais
  • Esse quiz foi jogado 196 vezes
  • A pontuação média é 12 de 24
Estatísticas das Respostas
Resposta % Correto
Chile
87%
México
82%
Peru
74%
Egito
64%
Belize
63%
Fiji
58%
Benim
52%
Kosovo
52%
Togo
52%
Chipre
50%
Reino Unido
50%
Guiné
49%
Liechtenstein
49%
Iémen
47%
Níger
47%
Lesoto
46%
Luxemburgo
46%
Seychelles
46%
Comores
43%
Djibouti
42%
Burundi
40%
Brunei
39%
Montenegro
32%
Timor-Leste
32%
Nenhum quiz correspondente encontrado
Distribuição das Pontuações
Porcentagem de Pessoas com Cada Pontuação
Percentil de Números Respondidos
Sua Pontuação Histórica
Você não jogou esse quiz